| 000 | 00946nam a2200289 i 4500 | ||
|---|---|---|---|
| 001 | 000012879 | ||
| 003 | DO-SdBNP | ||
| 005 | 20240412074236.0 | ||
| 007 | ta | ||
| 008 | 091118s2006 dr 000 j spa d | ||
| 020 | _a9945160230 | ||
| 040 |
_aDO-SdBNP _bspa _cBNPHU _erda |
||
| 082 | 4 |
_aRD863.44 _bP227c _222 |
|
| 100 | 1 |
_aParedes Salazar, Kelvin Antonio, _d1974- _929751 _eautor |
|
| 245 | 1 | 0 |
_aCuentos en un cuarto de libro / _cKelvin Antonio Paredes Salazar ; prólogo Juana Hache Mota. |
| 264 |
_aSanto Domingo : _bBúho, _c2006. |
||
| 300 |
_a95 páginas ; _c22 cm. |
||
| 336 |
_2rdacontent _atexto _btxt |
||
| 337 |
_2rdamedia _asin mediación _bn |
||
| 338 |
_2rdacarrier _avolumen _bnc |
||
| 590 | _aInventariado, 2020/BT | ||
| 650 | 0 |
_aCuentos dominicanos _9176 |
|
| 650 | 0 |
_aLiteratura dominicana. _967 |
|
| 700 | 1 |
_aHache Mota, Juana, _eprólogo _929752 |
|
| 910 | _aValidado. Control de calidad. MMOLINA | ||
| 942 |
_2ddc _cLBS1 |
||
| 999 |
_c12527 _d12527 |
||